00438nam a22001577a 4500003000400000005001700004008004100021020001800062040000900080082002000089100002400109245005300133250002700186260005800213300000900271OSt20221110131217.0221102b ||||| |||| 00| 0 eng d a9788122422153 coclc a641.3001bMAN/F aManay, N Shakuntala aFoods facts and principles /cN Shakuntala Manay athird revised edition  aNew DelhiI:bNEW AGE INTERNATIONAL (P) LIMITED,c2017 a490p